[Event "Eliminacje Miedzywojewodzkie MA-WM D13"]
[Site "Brok"]
[Date "2022.09.12"]
[Round "1.1"]
[White "Stankiewicz, Zofia"]
[Black "Stolarz, Anna"]
[Result "1-0"]
[BlackElo "1005"]
[WhiteElo "1108"]
[LiveChessVersion "1.4.8"]

1. e4 {[%clk 1:30:58]} e6 {[%clk 1:30:59]} 2. d4 {[%clk 1:31:25]} d5
{[%clk 1:31:01]} 3. e5 {[%clk 1:31:46]} c5 {[%clk 1:31:06]} 4. c3
{[%clk 1:32:07]} a6 {[%clk 1:30:52]} 5. Nf3 {[%clk 1:32:11]} Nc6 {[%clk 1:29:51]}
6. Bd3 {[%clk 1:31:28]} h6 {[%clk 1:26:24]} 7. O-O {[%clk 1:31:37]} Qb6
{[%clk 1:25:17]} 8. Na3 {[%clk 1:30:42]} Bd7 {[%clk 1:22:40]} 9. Nc2
{[%clk 1:30:37]} cxd4 {[%clk 1:20:57]} 10. cxd4 {[%clk 1:30:27]} Nb4
{[%clk 1:18:40]} 11. Nxb4 {[%clk 1:29:19]} Qxb4 {[%clk 1:18:53]} 12. Qe2
{[%clk 1:29:10]} Ne7 {[%clk 1:16:11]} 13. a3 {[%clk 1:28:12]} Qb6
{[%clk 1:16:27]} 14. Bd2 {[%clk 1:28:13]} Nc6 {[%clk 1:15:28]} 15. Be3
{[%clk 1:26:28]} Be7 {[%clk 1:07:26]} 16. Rfc1 {[%clk 1:24:49]} O-O
{[%clk 1:02:35]} 17. Qd2 {[%clk 1:24:28]} f5 {[%clk 1:00:03]} 18. exf6
{[%clk 1:20:40]} Rxf6 {[%clk 0:59:34]} 19. Nh4 {[%clk 1:19:46]} Be8
{[%clk 0:54:31]} 20. Nf3 {[%clk 1:19:19]} Bh5 {[%clk 0:50:01]} 21. Ne5
{[%clk 1:19:10]} Qc7 {[%clk 0:50:05]} 22. g4 {[%clk 1:16:01]} Be8
{[%clk 0:48:47]} 23. g5 {[%clk 1:13:25]} hxg5 {[%clk 0:46:25]} 24. Bxg5
{[%clk 1:13:01]} Rf8 {[%clk 0:46:06]} 25. Bg6 {[%clk 1:07:11]} Bd6
{[%clk 0:41:22]} 26. Qd3 {[%clk 0:57:14]} Bxe5 {[%clk 0:38:44]} 27. Bh7+
{[%clk 0:56:40]} Kh8 {[%clk 0:38:53]} 28. Qh3 {[%clk 0:52:43]} Bxh2+
{[%clk 0:37:35]} 29. Kg2 {[%clk 0:51:37]} g6 {[%clk 0:36:41]} 30. Bxg6+
{[%clk 0:50:51]} Kg8 {[%clk 0:36:41]} 31. Bxe8 {[%clk 0:47:50]} Raxe8
{[%clk 0:36:19]} 32. Rh1 {[%clk 0:43:21]} Qg7 {[%clk 0:35:27]} 33. Rxh2
{[%clk 0:33:59]} Qxg5+ {[%clk 0:35:41]} 34. Kh1 {[%clk 0:34:06]} Kf7
{[%clk 0:33:59]} 35. Rg1 {[%clk 0:30:57]} Qf5 {[%clk 0:31:55]} 36. Qb3
{[%clk 0:26:16]} b5 {[%clk 0:29:33]} 37. Qg3 {[%clk 0:26:00]} Rg8
{[%clk 0:28:12]} 38. Qc7+ {[%clk 0:25:18]} Ne7 {[%clk 0:28:27]} 39. Rh4
{[%clk 0:23:11]} Rxg1+ {[%clk 0:28:00]} 40. Kxg1 {[%clk 0:22:26]} Qb1+
{[%clk 0:27:59]} 41. Kh2 {[%clk 0:22:16]} Kf8 {[%clk 0:21:10]} 42. Qe5
{[%clk 0:19:05]} Ng6 {[%clk 0:18:28]} 43. Qf6+ {[%clk 0:17:12]} Kg8
{[%clk 0:18:33]} 44. Rg4 {[%clk 0:17:04]} Rf8 {[%clk 0:16:23]} 45. Rxg6+
{[%clk 0:17:18]} Qxg6 {[%clk 0:16:11]} 46. Qxg6+ {[%clk 0:17:43]} Kh8
{[%clk 0:16:26]} 47. Qh6+ {[%clk 0:18:07]} Kg8 {[%clk 0:16:42]} 48. Qxe6+
{[%clk 0:18:32]} Kg7 {[%clk 0:16:42]} 49. Qg4+ {[%clk 0:18:46]} Kh7
{[%clk 0:15:48]} 50. Qh5+ {[%clk 0:18:48]} Kg7 {[%clk 0:15:04]} 51. Kg3
{[%clk 0:18:41]} Rf6 {[%clk 0:14:45]} 52. Qxd5 {[%clk 0:18:51]} Rg6+
{[%clk 0:14:56]} 53. Kf3 {[%clk 0:19:07]} Rf6+ {[%clk 0:15:10]} 54. Ke2
{[%clk 0:19:31]} Rf4 {[%clk 0:14:20]} 55. Qe5+ {[%clk 0:19:58]} Rf6
{[%clk 0:14:25]} 56. d5 {[%clk 0:20:13]} Kf7 {[%clk 0:14:39]} 57. f4
{[%clk 0:19:47]} a5 {[%clk 0:14:31]} 58. f5 {[%clk 0:19:50]} Rh6 {[%clk 0:14:33]}
59. d6 {[%clk 0:19:46]} Rh7 {[%clk 0:14:00]} 60. Qe7+ {[%clk 0:20:14]} Kg8
{[%clk 0:14:10]} 61. Qxh7+ {[%clk 0:20:39]} Kxh7 {[%clk 0:14:15]} 62. d7
{[%clk 0:20:43]} Kg7 {[%clk 0:14:36]} 63. d8=Q {[%clk 0:21:05]} b4
{[%clk 0:14:58]} 64. Qe7+ {[%clk 0:21:15]} Kh6 {[%clk 0:15:20]} 65. Qf6+
{[%clk 0:21:28]} Kh5 {[%clk 0:15:43]} 66. Qg7 {[%clk 0:21:47]} 1-0

[Event "Eliminacje Miedzywojewodzkie MA-WM D13"]
[Site "Brok"]
[Date "2022.09.12"]
[Round "1.2"]
[White "Woytitzki, Sophie"]
[Black "Podoba, Hanna"]
[Result "1-0"]
[BlackElo "1067"]
[WhiteElo "1172"]
[LiveChessVersion "1.4.8"]

1. e4 {[%clk 1:30:57]} e6 {[%clk 1:29:36]} 2. d4 {[%clk 1:31:14]} d5
{[%clk 1:29:08]} 3. Nc3 {[%clk 1:31:20]} b6 {[%clk 1:28:05]} 4. Nf3
{[%clk 1:31:02]} Bb7 {[%clk 1:28:07]} 5. e5 {[%clk 1:30:57]} Nd7 {[%clk 1:28:19]}
6. Bd3 {[%clk 1:30:39]} c5 {[%clk 1:28:11]} 7. Be3 {[%clk 1:30:37]} Rc8
{[%clk 1:26:50]} 8. Bb5 {[%clk 1:30:13]} Ne7 {[%clk 1:20:14]} 9. O-O
{[%clk 1:30:13]} Nf5 {[%clk 1:19:53]} 10. Bf4 {[%clk 1:28:46]} Be7
{[%clk 1:13:25]} 11. Re1 {[%clk 1:27:32]} g5 {[%clk 1:12:04]} 12. Bxd7+
{[%clk 1:27:32]} Kxd7 {[%clk 1:11:26]} 13. Be3 {[%clk 1:24:37]} g4
{[%clk 1:09:52]} 14. dxc5 {[%clk 1:21:18]} Nxe3 {[%clk 1:05:07]} 15. Rxe3
{[%clk 1:21:21]} gxf3 {[%clk 1:04:36]} 16. Rxf3 {[%clk 1:21:18]} Ke8
{[%clk 1:03:51]} 17. cxb6 {[%clk 1:19:32]} Qxb6 {[%clk 0:58:21]} 18. Na4
{[%clk 1:18:56]} Qc6 {[%clk 0:53:44]} 19. c3 {[%clk 1:18:28]} Rg8
{[%clk 0:52:49]} 20. Qd4 {[%clk 1:17:59]} Bc5 {[%clk 0:48:13]} 21. Qf4
{[%clk 1:17:20]} Rc7 {[%clk 0:45:02]} 22. Nxc5 {[%clk 1:17:10]} Qxc5 23. Qh4
{[%clk 1:16:47]} Rg7 {[%clk 0:39:54]} 24. Qh6 {[%clk 1:16:53]} Qf8
{[%clk 0:39:12]} 25. Qf6 {[%clk 1:16:03]} Rg6 {[%clk 0:33:04]} 26. Qf4
{[%clk 1:15:16]} d4 {[%clk 0:31:46]} 27. Rg3 {[%clk 1:15:15]} dxc3
{[%clk 0:30:57]} 28. bxc3 {[%clk 1:13:43]} Qa3 {[%clk 0:26:22]} 29. Rd1
{[%clk 1:13:11]} Bd5 {[%clk 0:23:31]} 30. c4 Rxc4 {[%clk 0:23:23]} 31. Qxc4
{[%clk 1:09:38]} Rxg3 {[%clk 0:22:25]} 32. hxg3 {[%clk 1:09:48]} Ke7
{[%clk 0:18:49]} 33. Qc8 {[%clk 1:10:11]} f5 {[%clk 0:18:42]} 34. Qc7+
{[%clk 1:09:38]} Ke8 35. Qxh7 {[%clk 1:09:54]} Qe7 {[%clk 0:13:45]} 36. Qxe7+
{[%clk 1:09:54]} Kxe7 {[%clk 0:14:10]} 37. a3 {[%clk 1:10:19]} Kd7 38. Rc1
{[%clk 1:10:34]} Be4 {[%clk 0:14:15]} 39. Kh2 {[%clk 1:10:34]} a6
{[%clk 0:14:19]} 40. Kh3 {[%clk 1:10:56]} Ke7 {[%clk 0:11:57]} 41. a4
{[%clk 1:11:00]} Kf7 {[%clk 0:11:34]} 42. Rc7+ {[%clk 1:10:57]} Ke8
{[%clk 0:11:37]} 43. Ra7 {[%clk 1:11:14]} Bd3 {[%clk 0:11:44]} 44. g4 fxg4+
{[%clk 0:10:59]} 45. Kxg4 {[%clk 1:11:54]} Bf1 {[%clk 0:10:25]} 46. Kg5
{[%clk 1:11:53]} Bxg2 {[%clk 0:10:16]} 47. Rxa6 {[%clk 1:11:39]} Bd5
{[%clk 0:10:03]} 48. Kf6 {[%clk 1:11:54]} Kd7 {[%clk 0:10:15]} 49. Rd6+
{[%clk 1:12:10]} Kc7 {[%clk 0:10:10]} 50. Rxe6 {[%clk 1:12:19]} Kd7
{[%clk 0:10:12]} 51. Rd6+ {[%clk 1:12:42]} 1-0

[Event "Eliminacje Miedzywojewodzkie MA-WM D13"]
[Site "Brok"]
[Date "2022.09.12"]
[Round "1.3"]
[White "Czarkowska, Dalia"]
[Black "Walewska, Natalia"]
[Result "0-1"]
[BlackElo "1167"]
[WhiteElo "1196"]
[LiveChessVersion "1.4.8"]

1. d4 {[%clk 1:30:59]} d5 {[%clk 1:30:59]} 2. Nf3 {[%clk 1:31:25]} e6
{[%clk 1:31:13]} 3. g3 {[%clk 1:31:45]} Nf6 {[%clk 1:31:30]} 4. Bg2
{[%clk 1:32:07]} Be7 {[%clk 1:31:52]} 5. c4 {[%clk 1:32:13]} O-O {[%clk 1:32:13]}
6. Qc2 {[%clk 1:32:31]} dxc4 {[%clk 1:32:24]} 7. Qxc4 {[%clk 1:32:48]} a6
{[%clk 1:32:47]} 8. Bf4 {[%clk 1:32:11]} Nd5 {[%clk 1:32:58]} 9. Bd2
{[%clk 1:30:19]} b5 {[%clk 1:31:33]} 10. Qc2 {[%clk 1:30:20]} Bb7
{[%clk 1:31:40]} 11. O-O {[%clk 1:30:06]} Nc6 {[%clk 1:30:50]} 12. Rd1
{[%clk 1:29:39]} Rc8 {[%clk 1:22:17]} 13. a3 {[%clk 1:29:21]} Bf6
{[%clk 1:20:53]} 14. Be3 {[%clk 1:27:06]} Na5 {[%clk 1:07:19]} 15. Nbd2
{[%clk 1:23:48]} Be7 {[%clk 1:03:14]} 16. b4 {[%clk 1:22:29]} Nc6
{[%clk 1:02:03]} 17. Nb3 {[%clk 1:22:01]} Nxe3 {[%clk 0:57:22]} 18. fxe3
{[%clk 1:22:14]} Nb8 {[%clk 0:54:13]} 19. Nc5 {[%clk 1:21:10]} Bxc5
{[%clk 0:53:36]} 20. bxc5 {[%clk 1:19:59]} Qe7 {[%clk 0:50:38]} 21. Rd2
{[%clk 1:16:01]} Rfd8 {[%clk 0:40:23]} 22. Rad1 {[%clk 1:15:37]} c6
{[%clk 0:38:59]} 23. Ne5 {[%clk 1:12:04]} Nd7 {[%clk 0:38:22]} 24. Ng4
{[%clk 1:11:05]} Kh8 {[%clk 0:27:38]} 25. e4 {[%clk 1:08:58]} Qg5
{[%clk 0:26:16]} 26. Nf2 {[%clk 1:07:52]} e5 {[%clk 0:20:06]} 27. Bh3
{[%clk 1:05:26]} Rb8 {[%clk 0:18:46]} 28. d5 {[%clk 1:00:48]} Nf8
{[%clk 0:15:57]} 29. Qb3 {[%clk 0:57:30]} Bc8 {[%clk 0:10:50]} 30. Bxc8
{[%clk 0:53:31]} Rbxc8 {[%clk 0:11:18]} 31. h4 {[%clk 0:53:28]} Qe7
{[%clk 0:10:28]} 32. d6 {[%clk 0:52:59]} Qe6 {[%clk 0:09:28]} 33. Qc3
{[%clk 0:50:08]} Nd7 {[%clk 0:09:02]} 34. Rf1 {[%clk 0:48:19]} Qg6
{[%clk 0:08:34]} 35. Qe3 {[%clk 0:43:46]} Nxc5 {[%clk 0:06:23]} 36. h5
{[%clk 0:40:58]} Qh6 {[%clk 0:05:12]} 37. Qxh6 {[%clk 0:38:36]} gxh6
{[%clk 0:05:41]} 38. Rfd1 {[%clk 0:35:30]} Rd7 {[%clk 0:04:06]} 39. Ng4
{[%clk 0:32:12]} Nxe4 {[%clk 0:02:59]} 40. Nxe5 {[%clk 0:32:30]} Nxd2
{[%clk 0:03:15]} 41. Nxd7 {[%clk 0:32:45]} Nc4 {[%clk 0:03:07]} 42. Nc5
{[%clk 0:32:09]} Rd8 {[%clk 0:02:58]} 43. e4 {[%clk 0:30:24]} Rxd6
{[%clk 0:03:09]} 44. Rxd6 {[%clk 0:29:52]} Nxd6 {[%clk 0:03:38]} 45. Kf2
{[%clk 0:28:21]} Kg7 {[%clk 0:03:28]} 46. Kf3 {[%clk 0:27:30]} a5
{[%clk 0:03:43]} 47. a4 {[%clk 0:26:14]} b4 {[%clk 0:03:47]} 48. Nb3
{[%clk 0:25:42]} Nb7 {[%clk 0:03:54]} 49. Ke3 {[%clk 0:25:20]} Kf6
{[%clk 0:04:02]} 50. Kf4 {[%clk 0:23:43]} c5 {[%clk 0:03:38]} 51. e5+
{[%clk 0:23:49]} Ke6 {[%clk 0:04:05]} 52. Ke4 {[%clk 0:23:35]} f6
{[%clk 0:01:32]} 53. exf6 {[%clk 0:22:02]} Kxf6 {[%clk 0:00:58]} 54. Kd5
{[%clk 0:21:03]} Kg5 {[%clk 0:01:07]} 55. Kc6 {[%clk 0:20:58]} c4
{[%clk 0:01:25]} 56. Nd2 {[%clk 0:21:05]} c3 {[%clk 0:00:36]} 57. Nb3
{[%clk 0:21:27]} Kxh5 {[%clk 0:00:37]} 58. Kxb7 {[%clk 0:21:42]} Kg4
{[%clk 0:00:45]} 59. Kb6 {[%clk 0:22:03]} Kxg3 {[%clk 0:01:11]} 60. Kxa5
{[%clk 0:21:40]} h5 {[%clk 0:01:33]} 61. Kxb4 {[%clk 0:21:58]} h4
{[%clk 0:01:52]} 62. a5 {[%clk 0:22:18]} h3 {[%clk 0:02:16]} 63. Nd4
{[%clk 0:21:26]} h2 {[%clk 0:01:37]} 64. Kxc3 {[%clk 0:21:20]} h1=Q
{[%clk 0:01:47]} 65. Kc4 {[%clk 0:21:08]} Qa8 {[%clk 0:00:53]} 66. Kb4
{[%clk 0:21:03]} h5 {[%clk 0:01:01]} 67. Ka4 {[%clk 0:20:25]} Qe4
{[%clk 0:01:06]} 68. a6 {[%clk 0:20:35]} Qxd4+ {[%clk 0:01:34]} 69. Kb5
{[%clk 0:20:53]} Qa7 {[%clk 0:01:37]} 0-1

[Event "Eliminacje Miedzywojewodzkie MA-WM D13"]
[Site "Brok"]
[Date "2022.09.12"]
[Round "1.4"]
[White "Dzierzgowska, Jagoda"]
[Black "Siekanska, Zofia"]
[Result "0-1"]
[BlackElo "1128"]
[WhiteElo "1236"]
[LiveChessVersion "1.4.8"]

1. c4 {[%clk 1:30:53]} e5 {[%clk 1:30:40]} 2. Nc3 {[%clk 1:31:18]} Nc6
{[%clk 1:30:56]} 3. e3 {[%clk 1:30:37]} Bb4 {[%clk 1:30:16]} 4. d4
{[%clk 1:29:19]} exd4 {[%clk 1:30:15]} 5. exd4 {[%clk 1:29:38]} d5
{[%clk 1:28:51]} 6. a3 {[%clk 1:29:47]} Bxc3+ {[%clk 1:28:41]} 7. bxc3
{[%clk 1:30:11]} Nf6 {[%clk 1:27:57]} 8. Bg5 {[%clk 1:24:54]} dxc4
{[%clk 1:26:18]} 9. Bxc4 {[%clk 1:21:28]} O-O {[%clk 1:23:58]} 10. Ne2
{[%clk 1:21:17]} h6 {[%clk 1:22:53]} 11. Bh4 {[%clk 1:21:29]} Qd6
{[%clk 1:14:06]} 12. Bg3 {[%clk 1:15:47]} Qe7 {[%clk 1:12:58]} 13. O-O
{[%clk 1:15:24]} Na5 {[%clk 1:09:35]} 14. Bd3 {[%clk 1:14:48]} Bg4
{[%clk 1:09:10]} 15. Qc2 {[%clk 1:08:32]} c5 {[%clk 1:07:28]} 16. Rfe1
{[%clk 1:00:29]} c4 {[%clk 1:02:24]} 17. Bf5 {[%clk 0:59:58]} Bxf5
{[%clk 1:01:12]} 18. Qxf5 {[%clk 1:00:22]} b6 {[%clk 0:59:35]} 19. Nf4
{[%clk 0:51:09]} Qd7 {[%clk 0:58:45]} 20. Qxd7 {[%clk 0:50:46]} Nxd7
{[%clk 0:58:48]} 21. Nd5 {[%clk 0:43:24]} Nc6 {[%clk 0:57:08]} 22. Nc7
{[%clk 0:42:34]} Rac8 {[%clk 0:55:33]} 23. Bd6 {[%clk 0:41:12]} Rfd8
{[%clk 0:54:23]} 24. Bg3 {[%clk 0:38:49]} Nf6 {[%clk 0:52:20]} 25. Nb5
{[%clk 0:30:05]} Ne8 {[%clk 0:50:14]} 26. a4 {[%clk 0:28:19]} a6 {[%clk 0:47:56]}
27. Na3 {[%clk 0:28:36]} Na5 {[%clk 0:45:02]} 28. Nc2 {[%clk 0:23:57]} Nd6
{[%clk 0:40:59]} 29. Nb4 {[%clk 0:19:28]} Nb3 {[%clk 0:40:24]} 30. Ra2
{[%clk 0:19:01]} a5 {[%clk 0:39:13]} 31. Nc2 {[%clk 0:19:13]} Nf5
{[%clk 0:35:12]} 32. Na3 {[%clk 0:16:22]} Nxg3 {[%clk 0:34:25]} 33. hxg3
{[%clk 0:16:45]} Kf8 {[%clk 0:33:03]} 34. Rae2 {[%clk 0:15:37]} Rd7
{[%clk 0:29:16]} 35. Nxc4 {[%clk 0:11:32]} Rb8 {[%clk 0:27:07]} 36. Na3
{[%clk 0:08:30]} g6 {[%clk 0:26:39]} 37. Rb2 {[%clk 0:08:26]} Nxd4
{[%clk 0:26:02]} 38. cxd4 {[%clk 0:08:36]} Rxd4 {[%clk 0:26:02]} 39. Nb5
{[%clk 0:06:58]} Rxa4 {[%clk 0:25:45]} 40. Reb1 {[%clk 0:07:14]} Rc4
{[%clk 0:24:29]} 41. Na3 {[%clk 0:07:13]} Rc6 {[%clk 0:22:13]} 42. Rb5
{[%clk 0:06:14]} Ke7 {[%clk 0:20:16]} 43. Kh2 {[%clk 0:04:23]} Rc3
{[%clk 0:19:45]} 44. R1b3 {[%clk 0:04:24]} Rxb3 {[%clk 0:18:29]} 45. Rxb3
{[%clk 0:04:49]} Kd7 {[%clk 0:17:01]} 46. Nc4 {[%clk 0:03:40]} Kc7
{[%clk 0:16:36]} 47. Na3 {[%clk 0:02:55]} Kc6 {[%clk 0:15:32]} 48. Rb5
{[%clk 0:02:12]} Rd8 {[%clk 0:14:56]} 49. Rb2 {[%clk 0:01:45]} Rd5
{[%clk 0:12:28]} 50. Kg1 {[%clk 0:01:11]} b5 {[%clk 0:11:35]} 51. Kf1
{[%clk 0:01:11]} b4 {[%clk 0:09:39]} 52. Nc4 {[%clk 0:01:21]} Kb5
{[%clk 0:08:55]} 53. Ne3 {[%clk 0:01:09]} Rd4 {[%clk 0:08:23]} 54. Nc2
{[%clk 0:01:20]} Re4 {[%clk 0:08:05]} 55. f3 {[%clk 0:01:18]} Re5
{[%clk 0:07:27]} 56. Nd4+ {[%clk 0:00:59]} Kc5 {[%clk 0:05:45]} 57. Nb3+
{[%clk 0:00:59]} Kc4 {[%clk 0:05:50]} 58. Nc1 {[%clk 0:00:40]} a4
{[%clk 0:04:59]} 59. Rc2+ {[%clk 0:00:40]} Kb5 {[%clk 0:04:57]} 60. Nd3
{[%clk 0:00:53]} Rd5 {[%clk 0:04:30]} 61. Nb2 {[%clk 0:00:43]} b3
{[%clk 0:03:49]} 62. Rc3 {[%clk 0:00:31]} Rd4 {[%clk 0:03:28]} 63. Nd3
{[%clk 0:00:35]} Ka5 {[%clk 0:03:36]} 64. Rc5+ {[%clk 0:02:15]} Kb6
{[%clk 0:03:46]} 65. Rc3 {[%clk 0:02:14]} Rd5 {[%clk 0:02:45]} 66. Nb2
{[%clk 0:02:01]} Kb5 {[%clk 0:02:35]} 67. Nd3 {[%clk 0:02:12]} Rxd3
{[%clk 0:02:20]} 68. Rxd3 {[%clk 0:02:11]} Kc4 {[%clk 0:02:32]} 69. Rd1
{[%clk 0:01:01]} b2 {[%clk 0:02:37]} 70. Ke2 {[%clk 0:00:56]} a3 {[%clk 0:02:20]}
71. Kd2 {[%clk 0:00:40]} a2 {[%clk 0:02:18]} 72. Kc2 {[%clk 0:00:43]} a1=Q
{[%clk 0:02:40]} 73. Rb1 {[%clk 0:00:49]} Qa4+ {[%clk 0:02:08]} 0-1

[Event "Eliminacje Miedzywojewodzkie MA-WM D13"]
[Site "Brok"]
[Date "2022.09.12"]
[Round "2.1"]
[White "Stolarz, Anna"]
[Black "Siekanska, Zofia"]
[Result "0-1"]
[BlackElo "1128"]
[WhiteElo "1005"]
[LiveChessVersion "1.4.8"]

1. e4 {[%clk 1:30:59]} e5 {[%clk 1:30:58]} 2. Nf3 {[%clk 1:31:22]} Nc6
{[%clk 1:31:27]} 3. Bb5 {[%clk 1:31:41]} Nge7 {[%clk 1:31:46]} 4. Nc3
{[%clk 1:31:38]} g6 {[%clk 1:31:23]} 5. d3 {[%clk 1:30:13]} Bg7 {[%clk 1:30:53]}
6. Be3 {[%clk 1:26:38]} Nd4 {[%clk 1:28:34]} 7. Bc4 {[%clk 1:22:30]} c6
{[%clk 1:28:05]} 8. Nd2 {[%clk 1:18:52]} d5 {[%clk 1:27:21]} 9. Bb3
{[%clk 1:15:33]} Nxb3 {[%clk 1:27:13]} 10. Nxb3 {[%clk 1:15:30]} d4
{[%clk 1:27:29]} 11. Bd2 {[%clk 1:15:24]} dxc3 {[%clk 1:27:14]} 12. Bxc3
{[%clk 1:15:48]} Be6 {[%clk 1:25:49]} 13. f4 {[%clk 1:14:20]} Bxb3
{[%clk 1:24:13]} 14. axb3 {[%clk 1:14:31]} f6 {[%clk 1:23:32]} 15. fxe5
{[%clk 1:14:47]} fxe5 {[%clk 1:23:46]} 16. O-O {[%clk 1:15:12]} c5
{[%clk 1:21:16]} 17. Qf3 {[%clk 1:13:48]} Rf8 {[%clk 1:20:29]} 18. Qg3
{[%clk 1:14:09]} Nc6 {[%clk 1:18:59]} 19. Rxf8+ {[%clk 1:13:51]} Kxf8
{[%clk 1:19:04]} 20. Rf1+ {[%clk 1:14:09]} Kg8 {[%clk 1:17:47]} 21. Bd2
{[%clk 1:13:31]} Nd4 {[%clk 1:15:29]} 22. Kh1 {[%clk 1:13:04]} Qe7
{[%clk 1:14:08]} 23. h3 {[%clk 1:10:05]} Rf8 {[%clk 1:13:35]} 24. Rxf8+
{[%clk 1:09:55]} Qxf8 {[%clk 1:13:20]} 25. c3 {[%clk 1:09:27]} Nxb3
{[%clk 1:12:28]} 26. Be3 {[%clk 1:09:48]} Qf1+ {[%clk 1:09:39]} 27. Kh2
{[%clk 1:10:08]} Qb1 {[%clk 1:08:35]} 28. Qg4 {[%clk 1:09:05]} Qxd3
{[%clk 1:03:43]} 29. Qc8+ {[%clk 1:09:25]} Bf8 {[%clk 1:03:51]} 30. Qe6+
{[%clk 1:08:40]} Kh8 {[%clk 1:01:25]} 31. Qxe5+ {[%clk 1:08:32]} Kg8
{[%clk 1:01:04]} 32. Qe6+ {[%clk 1:07:20]} Kg7 {[%clk 1:00:53]} 33. Qe5+
{[%clk 1:06:59]} Kf7 {[%clk 1:00:25]} 34. Qf4+ {[%clk 1:05:07]} Ke6
{[%clk 0:58:52]} 35. Qg4+ {[%clk 1:04:03]} Kd6 {[%clk 0:53:52]} 36. Qf4+
{[%clk 1:04:15]} Kc6 {[%clk 0:53:48]} 37. Qxf8 {[%clk 1:03:47]} Qxe3
{[%clk 0:53:28]} 38. Qe8+ {[%clk 1:00:12]} Kb6 {[%clk 0:52:19]} 39. Qe6+
{[%clk 0:59:53]} Kc7 {[%clk 0:51:30]} 40. Qxb3 {[%clk 0:59:13]} Qf4+
{[%clk 0:51:36]} 41. Kh1 {[%clk 0:59:22]} Qf1+ {[%clk 0:50:14]} 42. Kh2
{[%clk 0:59:36]} Qf4+ {[%clk 0:49:22]} 43. Kh1 {[%clk 0:58:33]} Qxe4
{[%clk 0:49:44]} 44. Qf7+ {[%clk 0:58:32]} Kb6 {[%clk 0:49:59]} 45. Qb3+
{[%clk 0:58:10]} Kc6 {[%clk 0:49:54]} 46. c4 {[%clk 0:56:21]} a6 {[%clk 0:49:20]}
47. Qa4+ {[%clk 0:54:47]} Kd6 {[%clk 0:48:41]} 48. Qd1+ {[%clk 0:54:26]} Qd4
{[%clk 0:48:28]} 49. Qb3 {[%clk 0:53:07]} Qe4 {[%clk 0:47:08]} 50. Qg3+
{[%clk 0:52:25]} Kc6 {[%clk 0:46:42]} 51. b3 {[%clk 0:52:41]} b5 {[%clk 0:46:21]}
52. cxb5+ {[%clk 0:47:43]} axb5 {[%clk 0:46:22]} 53. Qg5 {[%clk 0:48:02]} Qd5
{[%clk 0:45:31]} 54. Qf6+ Kc7 {[%clk 0:44:50]} 55. Qe7+ {[%clk 0:47:59]} Kb6
{[%clk 0:43:33]} 56. Qf6+ {[%clk 0:48:04]} Qc6 {[%clk 0:43:33]} 57. Qd8+
{[%clk 0:47:03]} Ka6 {[%clk 0:43:03]} 58. Qh8 {[%clk 0:46:53]} c4
{[%clk 0:42:52]} 59. bxc4 {[%clk 0:46:01]} bxc4 {[%clk 0:43:10]} 60. Qa1+
{[%clk 0:43:51]} Kb6 {[%clk 0:42:54]} 61. Qb2+ {[%clk 0:43:19]} Qb5
{[%clk 0:43:10]} 62. Qd4+ {[%clk 0:43:35]} Ka5 {[%clk 0:40:52]} 63. Qa1+
{[%clk 0:43:15]} Qa4 {[%clk 0:39:53]} 64. Qxa4+ {[%clk 0:42:24]} Kxa4
{[%clk 0:40:09]} 65. Kh2 {[%clk 0:42:48]} c3 {[%clk 0:40:15]} 66. g4
{[%clk 0:42:26]} c2 {[%clk 0:40:35]} 67. Kg3 {[%clk 0:42:42]} c1=Q
{[%clk 0:40:43]} 68. h4 {[%clk 0:42:54]} Qe3+ {[%clk 0:40:47]} 69. Kg2
{[%clk 0:43:04]} Qf4 {[%clk 0:40:20]} 70. g5 {[%clk 0:43:09]} Qxh4
{[%clk 0:40:09]} 71. Kf3 {[%clk 0:43:28]} Qxg5 {[%clk 0:40:18]} 72. Ke4
{[%clk 0:43:42]} h5 {[%clk 0:39:45]} 0-1

[Event "Eliminacje Miedzywojewodzkie MA-WM D13"]
[Site "Brok"]
[Date "2022.09.12"]
[Round "2.2"]
[White "Walewska, Natalia"]
[Black "Dzierzgowska, Jagoda"]
[Result "1-0"]
[BlackElo "1236"]
[WhiteElo "1167"]
[LiveChessVersion "1.4.8"]

1. e4 {[%clk 1:30:58]} c6 {[%clk 1:30:08]} 2. d4 {[%clk 1:31:19]} d5
{[%clk 1:30:32]} 3. exd5 {[%clk 1:31:28]} cxd5 {[%clk 1:30:58]} 4. Bd3
{[%clk 1:31:43]} Nc6 {[%clk 1:30:56]} 5. c3 {[%clk 1:32:02]} Nf6 {[%clk 1:31:16]}
6. Nf3 {[%clk 1:30:55]} Bg4 {[%clk 1:31:16]} 7. h3 {[%clk 1:30:55]} Bh5
{[%clk 1:31:35]} 8. Nbd2 {[%clk 1:27:17]} e6 {[%clk 1:30:45]} 9. Qc2
{[%clk 1:27:11]} Rc8 {[%clk 1:29:16]} 10. a3 {[%clk 1:25:23]} Bd6
{[%clk 1:26:17]} 11. O-O {[%clk 1:23:39]} Qc7 {[%clk 1:23:21]} 12. Re1
{[%clk 1:12:52]} Bf4 {[%clk 1:05:30]} 13. Qd1 {[%clk 1:07:08]} a6
{[%clk 1:00:32]} 14. Nf1 {[%clk 0:57:56]} Bxc1 {[%clk 0:59:01]} 15. Rxc1
{[%clk 0:58:08]} Qb6 {[%clk 0:46:08]} 16. Rc2 {[%clk 0:50:05]} Na5
{[%clk 0:36:10]} 17. Ng3 {[%clk 0:47:53]} Bg6 {[%clk 0:36:03]} 18. Bxg6
{[%clk 0:46:49]} hxg6 {[%clk 0:32:15]} 19. Ne5 {[%clk 0:45:30]} Nc6
{[%clk 0:30:03]} 20. Qe2 {[%clk 0:37:02]} Qb3 {[%clk 0:26:26]} 21. Rd2
{[%clk 0:34:33]} Na5 {[%clk 0:23:12]} 22. Nxg6 {[%clk 0:26:20]} Rh7
{[%clk 0:15:13]} 23. Ne5 {[%clk 0:25:35]} Qb6 {[%clk 0:12:54]} 24. Qd3
{[%clk 0:21:41]} Rc7 {[%clk 0:06:44]} 25. Rde2 Re7 {[%clk 0:03:37]} 26. Ng4
{[%clk 0:20:02]} Rh8 {[%clk 0:02:48]} 27. Nxf6+ {[%clk 0:20:17]} gxf6
{[%clk 0:03:09]} 28. Nf5 {[%clk 0:19:33]} Rc7 {[%clk 0:02:10]} 29. Ne3
{[%clk 0:16:15]} Kd7 30. Ng4 Ke7 {[%clk 0:00:43]} 31. Qf3 {[%clk 0:16:05]} f5
{[%clk 0:01:07]} 32. Qxf5 {[%clk 0:15:20]} Rd8 33. Qf6+ {[%clk 0:14:41]} Ke8
{[%clk 0:00:38]} 34. Ne5 {[%clk 0:10:33]} Qd6 {[%clk 0:00:43]} 35. Nxf7
{[%clk 0:09:39]} Rxf7 {[%clk 0:01:06]} 36. Rxe6+ {[%clk 0:09:59]} Kf8
{[%clk 0:01:04]} 37. Qh8# {[%clk 0:10:03]} 1-0